|
|
|
|
| LEADER |
00000nam a2200000 a 4500 |
| 001 |
vtls001059948 |
| 003 |
SK-MaSNL |
| 005 |
20260301193248.0 |
| 008 |
240314s1989 xo 00000 hun |
| 015 |
|
|
|a SNBA1990/01
|
| 035 |
|
|
|a SNK000002776
|
| 040 |
|
|
|a SNK
|b slo
|c SNK
|e AACR2
|
| 041 |
0 |
|
|a hun
|
| 044 |
|
|
|a xo
|c SK
|
| 080 |
|
|
|a 372.46:809.451.1(076.5)=945.11
|2 1981
|
| 080 |
|
|
|a 809.451.1(076.5)=945.11
|2 1981
|
| 100 |
1 |
|
|a Szuchyné Szőcs, Magdolna,
|d 1927-
|4 aut
|9 47093
|
| 245 |
1 |
0 |
|a Munkafüzet magyar nyelvből az alapiskola 2. osztálya számára
|c Magdolna Szuchyné Sz., Piroska Simonné P., K. Z. Törökné
|
| 250 |
|
|
|a 2. kiad.
|
| 260 |
|
|
|a Bratislava
|b Slovenské pedagogické nakladateľstvo
|c 1989
|
| 300 |
|
|
|a 137 s.
|c 29 cm
|
| 366 |
|
|
|e 28000 výt.
|
| 546 |
|
|
|a Súbežný názov v slov.
|
| 650 |
0 |
7 |
|a maďarčina
|2 SNKPH
|9 1492
|
| 655 |
|
7 |
|a pracovné zošity
|2 SNKPH
|9 70188
|
| 655 |
|
7 |
|a učebnice základných škôl
|2 SNKPH
|9 70187
|
| 700 |
1 |
|
|a Simonné P., Piroska
|4 aut
|9 572574
|
| 700 |
1 |
|
|a Törökné K., Zsuzsanna
|4 aut
|9 47411
|
| 958 |
|
|
|a OND
|
| 958 |
|
|
|a HU
|
| 958 |
|
|
|a NM
|
| 999 |
|
|
|c 876539
|d 878469
|
| 952 |
|
|
|t P60, <04>, [BOOK], {604}
|a SNK
|b SNK
|y VYP
|7 0
|p 17A0154344
|o snkSB 45742 D1
|0 0
|1 0
|4 0
|d 1998-08-05
|l 0
|r 2004-12-31 00:00:00
|w 2026-02-24
|
| 952 |
|
|
|a SNK
|b SNK
|y PREZ
|7 0
|p 17A0852195
|o snkSB 45742
|0 0
|1 0
|4 0
|d 2012-07-17
|f 1
|l 0
|r 2026-02-24 06:01:19
|w 2026-02-24
|